Tennis World #1 Players - Sudden Death - Statistics

General Stats
  • This quiz has been taken 3,134 times
  • The average score is 6 of 16
Answers on the Grid
Answers color-coded by a green-red scale on the quiz's grid according to % correct below.
Stan Wawrinka
Serena Williams
Marat Safin
Andre Agassi
Li Na
Goran Ivanisevic
Aryna Sabalenka
Arthur Ashe
Elena Rybakina
Lleyton Hewitt
Andy Roddick
Sergi Bruguera
Caroline Wozniacki
Anna Kournikova
Svetlana Kuznetsova
Alexander Zverev
Anastasia Pavlyuchenkova
Daniil Medvedev
Evonne Goolagong
Angelique Kerber
Emma Raducanu
Juan Martin del Potro
Marcelo Rios
Dominic Thiem
Tracy Austin
Barbora Krejcikova
Nikolay Davydenko
Jennifer Capriati
Karolina Pliskova
Ilie Nastase
Caroline Garcia
Rafael Nadal
 
Answer Stats
Answer % Correct
Serena Williams
94%
Andre Agassi
81%
Aryna Sabalenka
58%
Rafael Nadal
57%
Marat Safin
47%
Daniil Medvedev
41%
Andy Roddick
36%
Lleyton Hewitt
36%
Caroline Wozniacki
29%
Angelique Kerber
21%
Ilie Nastase
19%
Marcelo Rios
18%
Jennifer Capriati
15%
Karolina Pliskova
13%
Evonne Goolagong
12%
Tracy Austin
9%
No matching quizzes found
Score Distribution
Percent of People with Each Score
Percentile by Number Answered
Your Score History
You have not taken this quiz